|
|
|
|
| LEADER |
00000nam a22000007a 4500 |
| 008 |
201216b ||||| |||| 00| 0 eng d |
| 020 |
|
|
|a 978-1-4665-9710-5
|
| 100 |
|
|
|a WINTERS, Robert C.
|a Globokar, Julie L.
|a Roberson, Cliff
|
| 245 |
|
|
|a An introduction to crime and crime causation
|c Robert C. Winters, Julie L. Globokar, Cliff Roberson
|g xiii, 304p.
|
| 260 |
|
|
|b CRC Press
|c 2014
|h Boca Raton, USA
|i 689951
|l HV8073 .W73
|m Forensic sciences
|m Criminal behavior
|m Crime prevention
|
| 500 |
|
|
|a It includes bibliographical references and index
|
| 942 |
|
|
|a lcc
|c BK
|e Kuteyi, M. A.
|f 15/12/2020
|
| 952 |
|
|
|0 0
|1 0
|2 lcc
|4 0
|6 HV8073 W73
|7 0
|9 586
|a HOL
|b HOL
|c GJ
|d 2020-12-16
|l 0
|o HV8073 .W73
|p 2020-22905
|r 2020-12-16 00:00:00
|w 2020-12-16
|y BK
|
| 999 |
|
|
|c 326
|d 326
|